00395 2200157 4500001002100000005001500021035002000036245004700056100001400103300002700117260003700144082000800181084001400189020002200203990001200225INLIS00000000000187520250516072106 a0010-05250001671 aKisah - Kisah Dalam Al-Qur'an /cMiftah F.0 aMiftah F. a60 hlm ;c14,5 x 21 cm aJakarta :bCV. Megah Jaya,c2009 a200 a200 MIF k a978-602-8382-20-5 a0754805